Os 15 principais países com mortes por Covid19 - 11 de agosto 2021 - Statistics

Estatísticas Gerais
  • Esse quiz foi jogado 8 vezes
  • A pontuação média é 16 de 25
Estatísticas das Respostas
país % Correto
Argentina
100%
Brasil
100%
Estados Unidos
100%
Índia
100%
Itália
100%
Rússia
100%
Alemanha
86%
Colômbia
86%
Espanha
86%
França
86%
México
86%
Peru
86%
Reino Unido
86%
Irão
71%
Bélgica
57%
Indonésia
43%
Chéquia
29%
Eslováquia
29%
Eslovénia
29%
Macedónia do Norte
29%
Paraguai
29%
Bósnia e Herzegovina
14%
Bulgária
14%
Hungria
14%
Croácia
0%
Nenhum quiz correspondente encontrado
Distribuição das Pontuações
Porcentagem de Pessoas com Cada Pontuação
Percentil de Números Respondidos
Sua Pontuação Histórica
Você não jogou esse quiz